| 000 | 01267nam a22003497a 4500 | ||
|---|---|---|---|
| 003 | CHAP | ||
| 005 | 20220329143109.0 | ||
| 008 | 060316d2005 mx ad r 00110 spa d | ||
| 010 | _a91888 | ||
| 011 | _a92860 | ||
| 035 | _a103426 | ||
| 040 | _cCHAP | ||
| 090 | _aTesis | ||
| 100 | 1 |
_aFélix Blanco, Alvaro. _941942 |
|
| 245 | 1 | 0 |
_aComposteo de cachaza de caña de azúcar _c/por Alvaro Félix Blanco y Lucia Isabel Garduño Zarco |
| 260 |
_aChapingo, Méx. : _bEl autor, _c2005 |
||
| 300 |
_a75 h. : _bilus. ; gráfs. ; cuadros |
||
| 502 | _aTesis (Ing. Agroindustrial) -- UACH. Departamento de Ingeniería Agroindustrial | ||
| 590 |
_aALEPH _b10 _c20130110 _lUCH01 _h1510 |
||
| 590 |
_aBATCH-UPD _b10 _c20130110 _lUCH01 _h0423 |
||
| 590 |
_aBATCH-UPD _b10 _c20130410 _lUCH01 _h0058 |
||
| 590 |
_aBATCH-UPD _b10 _c20130914 _lUCH01 _h0837 |
||
| 590 |
_aCONVERSION _b10 _c20130109 _lUCH01 _h1351 |
||
| 650 | 1 | 4 |
_aCaña de azúcar _xSubproductos. _918648 |
| 650 | 1 | 4 |
_aCompost. _926105 |
| 700 | 1 |
_aGarduño Zarco, Lucia Isabel. _946874 |
|
| 901 | _aBK | ||
| 905 | _aMarco A. Mendoza T. | ||
| 942 | _cFOLL | ||
| 949 |
_aTesis _bBC _cTES _d00000001034261 _eTS1 _gDonaciØn _h44935 _i103426 _sb |
||
| 949 |
_aTesis _bBC _cTES _d33724000980504 _eTS2 _fc.2 _gDonaciØn _h44936 _i103426 _si |
||
| 999 |
_c91888 _d91888 |
||